<?xml version="1.0" encoding="UTF-8"?><?xml-stylesheet type="text/xsl" href="static/style.xsl"?><OAI-PMH xmlns="http://www.openarchives.org/OAI/2.0/" xmlns:xsi="http://www.w3.org/2001/XMLSchema-instance" xsi:schemaLocation="http://www.openarchives.org/OAI/2.0/ http://www.openarchives.org/OAI/2.0/OAI-PMH.xsd"><responseDate>2026-04-14T08:11:53Z</responseDate><request verb="GetRecord" identifier="oai:www.recercat.cat:20.500.12328/1631" metadataPrefix="marc">https://recercat.cat/oai/request</request><GetRecord><record><header><identifier>oai:recercat.cat:20.500.12328/1631</identifier><datestamp>2025-05-19T19:01:09Z</datestamp><setSpec>com_2072_67741</setSpec><setSpec>col_2072_484355</setSpec></header><metadata><record xmlns="http://www.loc.gov/MARC21/slim" xmlns:dcterms="http://purl.org/dc/terms/" xmlns:xsi="http://www.w3.org/2001/XMLSchema-instance" xmlns:doc="http://www.lyncode.com/xoai" xsi:schemaLocation="http://www.loc.gov/MARC21/slim http://www.loc.gov/standards/marcxml/schema/MARC21slim.xsd">
   <leader>00925njm 22002777a 4500</leader>
   <datafield ind2=" " ind1=" " tag="042">
      <subfield code="a">dc</subfield>
   </datafield>
   <datafield ind2=" " ind1=" " tag="720">
      <subfield code="a">Rivadeneira Nájera, Maria Cristina</subfield>
      <subfield code="e">author</subfield>
   </datafield>
   <datafield ind2=" " ind1=" " tag="720">
      <subfield code="a">Placeres Gómez, Claudia</subfield>
      <subfield code="e">author</subfield>
   </datafield>
   <datafield ind2=" " ind1=" " tag="260">
      <subfield code="c">2020</subfield>
   </datafield>
   <datafield ind2=" " ind1=" " tag="520">
      <subfield code="a">El número de familias en el mundo que se encuentra&#xd;
en situación socioeconómica desfavorable y riesgo de&#xd;
exclusión social ha aumentado exponencialmente. Este&#xd;
grupo humano, debido a su condición, a diario se ve expuesto a la marginación comunitaria, ruptura de lazos&#xd;
sociales y familiares y a la limitación de participación&#xd;
en actividades sociales realizadas en sus respectivos en-&#xd;
tornos.&#xd;
SOMIA TEATRE es un proyecto de carácter sociocultural.&#xd;
Dirige su mirada a niños, adolescentes y sus familias que&#xd;
se encuentran en esta situación y representan el foco&#xd;
principal de acción. Partimos de la necesidad de generar&#xd;
nuevos espacios que les permitan participar y disfrutar&#xd;
de actividades culturales fomentando los intercambios&#xd;
sociales en su entorno.&#xd;
Consideramos fundamental defi nir el concepto de “Ex-&#xd;
clusión Social”, con el fi n de entender la realidad en la&#xd;
que se ven envueltas estas familias. Es así que el Diccio-&#xd;
nario de Acción Humanitaria, Cooperación y Desarrollo&#xd;
lo entiende como “Un proceso mediante el cual los individuos o grupos son total o parcialmente excluidos de&#xd;
una participación plena en la sociedad en la que viven”.&#xd;
Este estado es el resultado de varias décadas de cambios&#xd;
económicos, políticos y sociales que tienen lugar en las&#xd;
sociedades actuales; acentuando así la carencia de inter-&#xd;
cambios sociales en el entorno, formación de vínculos,&#xd;
e incluso de relaciones interpersonales. Equidad versus&#xd;
diferencias sociales, accesibilidad a servicios y ofertas&#xd;
culturales y artísticas ha sido una preocupación recu-&#xd;
rrente en organizaciones gubernamentales y no guber-&#xd;
namentales; sin embargo, el afán por mitigar la situación&#xd;
de vulnerabilidad, sujetas a temas económicos, políticos&#xd;
o sociales no ha llegado a concretarse.&#xd;
Dentro de este contexto se encuentra nuestra localiza-&#xd;
ción de estudio, el Municipio de Terrassa en Catalunya,&#xd;
España. Las autoridades del territorio brindan apoyo a&#xd;
las familias en situación socioeconómica desfavorable y&#xd;
riesgo de exclusión social desde distintos frentes como&#xd;
la educación, actividades extraescolares, terapia familiar&#xd;
entre otros. Trabajo que realizan a través de diferentes&#xd;
entidades.&#xd;
Por lo que consideramos de relevancia el complementar&#xd;
el trabajo que hoy se realiza, a través de un proyecto que&#xd;
sitúe a la cultura como herramienta de transformación y&#xd;
mejora de la vida de las familias.</subfield>
   </datafield>
   <datafield ind1="8" ind2=" " tag="024">
      <subfield code="a">http://hdl.handle.net/20.500.12328/1631</subfield>
   </datafield>
   <datafield tag="653" ind2=" " ind1=" ">
      <subfield code="a">Gestió cultural</subfield>
   </datafield>
   <datafield tag="653" ind2=" " ind1=" ">
      <subfield code="a">Gestión cultural</subfield>
   </datafield>
   <datafield tag="653" ind2=" " ind1=" ">
      <subfield code="a">Art dramàtic</subfield>
   </datafield>
   <datafield tag="653" ind2=" " ind1=" ">
      <subfield code="a">Arte dramático</subfield>
   </datafield>
   <datafield tag="653" ind2=" " ind1=" ">
      <subfield code="a">Teatre</subfield>
   </datafield>
   <datafield tag="653" ind2=" " ind1=" ">
      <subfield code="a">Teatro</subfield>
   </datafield>
   <datafield tag="653" ind2=" " ind1=" ">
      <subfield code="a">Acting</subfield>
   </datafield>
   <datafield tag="653" ind2=" " ind1=" ">
      <subfield code="a">Theater</subfield>
   </datafield>
   <datafield ind2="0" ind1="0" tag="245">
      <subfield code="a">Somia Teatre: proyecto sociocultural en artes escénicas</subfield>
   </datafield>
</record></metadata></record></GetRecord></OAI-PMH>